Project management :(E Book) (Record no. 211236)
[ view plain ]
| 000 -LEADER | |
|---|---|
| fixed length control field | 01211 a2200205 4500 |
| 003 - CONTROL NUMBER IDENTIFIER | |
| control field | Nust |
| 005 - DATE AND TIME OF LATEST TRANSACTION | |
| control field | 20170207165241.0 |
| 020 ## - INTERNATIONAL STANDARD BOOK NUMBER | |
| International Standard Book Number | 0-471-74187-6 |
| 020 ## - INTERNATIONAL STANDARD BOOK NUMBER | |
| International Standard Book Number | 978-0-471-74187-9 |
| 040 ## - CATALOGING SOURCE | |
| Transcribing agency | Nust |
| 082 00 - DEWEY DECIMAL CLASSIFICATION NUMBER | |
| Classification number | 658.404 |
| 100 1# - MAIN ENTRY--PERSONAL NAME | |
| Personal name | Kerzner, Harold |
| 245 10 - TITLE STATEMENT | |
| Title | Project management :(E Book) |
| Remainder of title | a systems approach to planning, scheduling, and controlling / |
| Statement of responsibility, etc. | Harold Kerzner |
| 250 ## - EDITION STATEMENT | |
| Edition statement | 9. ed. |
| 260 ## - PUBLICATION, DISTRIBUTION, ETC. | |
| Place of publication, distribution, etc. | Hoboken : |
| Name of publisher, distributor, etc. | Wiley, |
| Date of publication, distribution, etc. | 2006 |
| 300 ## - PHYSICAL DESCRIPTION | |
| Extent | 1014 s. : |
| Other physical details | ill. |
| 505 0# - FORMATTED CONTENTS NOTE | |
| Formatted contents note | Overview -- Project management growth: concepts and definitions -- Organizational structures -- Organizing and staffing the project office and team -- Management functions -- Management of your time and stress -- Conflicts -- Special topics -- The variables for success -- Working with executives -- Planning -- Network scheduling techniques -- Project graphics -- Pricing and estimating -- Cost control -- Trade-off analysis in a project environment -- Risk management -- Learning curves -- Contracts and procurement -- Quality management -- Modern developments in project management -- Critical chain project management -- The project office. |
| 650 #0 - SUBJECT ADDED ENTRY--TOPICAL TERM | |
| Topical term or geographic name entry element | Project management. |
| 650 #0 - SUBJECT ADDED ENTRY--TOPICAL TERM | |
| Topical term or geographic name entry element | Projektadministration |
| General subdivision | f�retagsekonomi |
| 942 ## - ADDED ENTRY ELEMENTS (KOHA) | |
| Source of classification or shelving scheme | |
| Koha item type | Book |
| Withdrawn status | Lost status | Source of classification or shelving scheme | Damaged status | Not for loan | Collection code | Permanent Location | Current Location | Date acquired | Total Checkouts | Full call number | Barcode | Date last seen | Price effective from | Koha item type |
|---|---|---|---|---|---|---|---|---|---|---|---|---|---|---|
| Military College of Signals (MCS) | Military College of Signals (MCS) | 12/12/2016 | 658.404 | MCSEB-1755 | 12/08/2016 | 12/12/2016 | Book |
